Adivina el logo - Argentina 7 - Estadísticas

Estadísticas generales
  • Esta prueba ha sido intentada 29 veces
  • La puntuación promedio es 10 de 16
Estadísticas de respuestas
Imagen Respuesta % Correcto
Mr Musculo
92%
Rivadavia
92%
Banco Macro
88%
Musimundo
88%
Shrek
88%
Susana Giménez
79%
Marvel
71%
SUBE
67%
Banelco
63%
Kevingston
58%
WinRAR
58%
Kingston
54%
La Caja
50%
La Campagnola
38%
Banco Ciudad
29%
Need for Speed
13%
No se encontraron pruebas coincidentes
Distribución de puntuación
Porcentaje de gente con cada puntuación
Porcentaje por número respondido
Historial de tus puntuaciones
No has intentado esta prueba.